000 00351nam a2200145 i 4500
001 bg
100 1 _aWOŁCZYK, Jerzy
245 0 _aNowy status nauczyciela /
_cJerzy Wołczyk.
250 _aWyd.2.
260 _aWarszawa :
_bKsiążka i Wiedza,
_c1972.
040 _cBPK
041 _apol
942 _cKS
008 s pl f |000 0 pol
999 _c26736
_d26736
856 _uhttp://koha.tu.koszalin.pl/cgi-bin/koha/opac-detail.pl?biblionumber=26736
_yKatalog online BPK